|
|
|
|
| LEADER |
01504nam a22003855i 4500 |
| 001 |
31329 |
| 003 |
BD-DhAAL |
| 005 |
20161030163530.0 |
| 008 |
160602s2016 ii 001 0 eng d |
| 010 |
|
|
|a 2016317612
|
| 020 |
|
|
|a 9789381308714 (hardback)
|
| 020 |
|
|
|a 9381308713 (hardback)
|
| 037 |
|
|
|b Library of Congress -- New Delhi Overseas Office
|
| 040 |
|
|
|a DKAGE
|b eng
|e rda
|c DKAGE
|d OCLCO
|d DLC
|
| 042 |
|
|
|a lccopycat
|a lcode
|
| 050 |
0 |
0 |
|a LAW+
|
| 082 |
0 |
4 |
|a 347.54052
|2 23
|
| 100 |
1 |
|
|a Basu, P.,
|9 20683
|
| 245 |
1 |
0 |
|a Commentary on Law on Limitation Act, 1963 (Act No. 36 of 1963) /
|c Basu. P. ; [revising authors], Gunjan Rekhi (B.A., LL.B., LL.M.), S.K.P. Sriniwas (Advocate).
|
| 246 |
3 |
0 |
|a Law on Limitation Act, 1963
|
| 246 |
1 |
4 |
|a Basu's commentary on Limitation Act, 1963 (Act No. 36 of 1963)
|
| 250 |
|
|
|a 9th edition.
|
| 264 |
|
1 |
|a Delhi :
|b Delhi Law House,
|c 2016.
|
| 300 |
|
|
|a cxxxii, 980, 38 pages ;
|c 25 cm
|
| 500 |
|
|
|a Includes index.
|
| 526 |
|
|
|a SOL
|
| 541 |
|
|
|e 31329
|
| 610 |
1 |
0 |
|a India.
|t Limitation Act, 1963.
|9 20684
|
| 650 |
|
0 |
|a Limitation of actions
|z India.
|9 20685
|
| 700 |
1 |
|
|a Rekhi, Gunjan,
|e author.
|9 20686
|
| 700 |
1 |
|
|a Sriniwas, S. K. P.,
|e author.
|9 20687
|
| 710 |
1 |
2 |
|a India.
|t Limitation Act, 1963.
|9 20684
|
| 942 |
|
|
|2 ddc
|c BK
|
| 999 |
|
|
|c 37894
|d 37894
|
| 952 |
|
|
|0 0
|1 0
|2 ddc
|4 0
|6 347_540520000000000_BAS
|7 0
|9 59767
|a BRACUL
|b BRACUL
|c GEN
|d 2016-10-30
|e Hye Trade International
|g 2383.00
|l 3
|m 4
|o 347.54052 BAS
|p 3010031329
|r 2019-02-18
|s 2019-02-10
|t 1
|w 2016-10-30
|y BK
|